Statistics for Foods that Start with A

Click here to take the quiz!

General Stats

  • This quiz has been taken 63,342 times
    (16,359 since last reset)
  • The average score is 11 of 20

Answer Stats

Answer% Correct
Apple
100%
Avocado
97%
Almond
94%
Asparagus
94%
Apricot
82%
Artichoke
74%
Anchovies
65%
Aubergine
61%
Star {Anise}
60%
Animal crackers
58%
Blue {agave}
51%
Absinthe
39%
Arugula
39%
{Alfalfa} sprouts
33%
Açai
32%
{Acorn} Squash
32%
Abalone
21%
{Andouille} Sausage
19%
{Anjou} Pear
16%
Allspice
11%

Score Distribution

Percentile by Number Answered

Percent of People with Each Score

Your Score History

You have not taken this quiz since the last reset